ბათუმის შოთა რუსთაველის სახელმწიფო უნივერსიტეტის ბიბლიოთეკა

ინგლისის სავაჭრო კომპანიები და კოლონიური ექსპანსია (XV-XVII ს. დასაწყისში) / (ბიბ.ჩანაწერი № 34534)

000 -ლიდერი
ფიქსირებული სიგრძის საკონტროლო ველი 01237nam a2200253Ia 4500
001 - საკონტროლო ნომერი
საკონტროლო ველი 289
003 - საკონტროლო ნომრის იდენტიფიკატორი
საკონტროლო ველი GE_BSU
005 - ბოლო ოპერაციის თარიღი და დრო
საკონტროლო ველი 20191203162901.0
008 - ფიქსირებული სიგრძის მონაცემთა ელემენტები - ზოგადი ინფორმაცია
ფიქსირებული სიგრძის საკონტროლო ველი 181216s2009||||ge |||||||||||||| ||geo||
020 ## - წიგნის საერთაშორისო სტანდარტული ნომერი
International Standard Book Number 9789941125300
040 ## - კატალოგიზაციის წყარო
Transcribing agency GE_BSU
041 ## - ენის კოდი
Language code of text/sound track or separate title geo
080 ## - უნივერსალური ათობითი კლასიფიკაციის ინდექსი
Universal Decimal Classification number 94(410.1) ბ-45
100 ## - მთავარი ჩანაწერი - პიროვნების სახელი
Personal name ბელთაძე-ხინიკაძე, იზოლდა
9 (RLIN) 1713
245 ## - ცნობა სათაურის შესახებ
Title ინგლისის სავაჭრო კომპანიები და კოლონიური ექსპანსია (XV-XVII ს. დასაწყისში) /
Statement of responsibility, etc იზოლდა ბელთაძე-ხინიკაძე ; რედ. მ. პაპაშვილი.
264 ## - წარმოების, გამოცემის, დისტრიბუციის და სხვა ცნობები
გამოცემის, წარმოების, დისტრიბუციის... ადგილი თბილისი :
გამოცემის, წარმოების, დისტრიბუციის... სახელწოდება უნივერსალი,
გამოცემის, წარმოების, დისტრიბუციის... თარიღი 2009.
300 ## - ფიზიკური აღწერა
Extent 199 გვ.;
Other physical details 20სმ.
500 ## - ზოგადი შენიშვნა
General note შენიშვნები: გვ. 197-199.
504 ## - BIBLIOGRAPHY, ETC. NOTE
Bibliography, etc ბიბლიოგრ.: გვ. 182-196.
653 ## - INDEX TERM--UNCONTROLLED
Uncontrolled term ინგლისის სავაჭრო კომპანიები
653 ## - INDEX TERM--UNCONTROLLED
Uncontrolled term ინგლისის კოლონიური ექსპანსია
700 ## - ADDED ENTRY--PERSONAL NAME
Personal name პაპაშვილი, მ.
Relator term რედაქტორი
9 (RLIN) 1714
942 ## - ADDED ENTRY ELEMENTS (KOHA)
Koha item type წიგნი
Source of classification or shelving scheme
ეგზემპლარები
ჩამოწერის სტატუსი დაკარგული ეგზემპლარის სტატუსი კლასიფიკაციის წყარო ან თაროზე გაწყობის სქემა დაზიანების სტატუსი არ გაიცემა მუდმივი მდებარეობა (დაცვის ადგილი) ამჟამინდელი ადგილსამყოფელი თაროზე განთავსების ადგილი შეძენის თარიღი ღირებულება, შესყიდვის ნორმალური ფასი სრული შენახვის შიფრი შტრიხკოდი ბოლო ოპერაციის თარიღი ეგზემპლარის მიმდევრობითი ნომერი (კეტერი?) ფასის ძალაში შესვლის თარიღი ეგზემპლარის სახეობა საჯარო შენიშვნა
          ბათუმის შოთა რუსთაველის სახელმწიფო უნივერსიტეტის მთავარი ბიბლიოთეკა ბათუმის შოთა რუსთაველის სახელმწიფო უნივერსიტეტის მთავარი ბიბლიოთეკა წიგნსაცავი 2018-12-17 8.00 94(410.1) ბ-45 1235 2018-12-17 1235 2018-12-17 წიგნი 8 ლ.
          ბათუმის შოთა რუსთაველის სახელმწიფო უნივერსიტეტის მთავარი ბიბლიოთეკა ბათუმის შოთა რუსთაველის სახელმწიფო უნივერსიტეტის მთავარი ბიბლიოთეკა წიგნსაცავი 2018-12-17 8.00 94(410.1) ბ-45 4438 2018-12-17 4438 2018-12-17 წიგნი 8 ლ.
          ბათუმის შოთა რუსთაველის სახელმწიფო უნივერსიტეტის მთავარი ბიბლიოთეკა ბათუმის შოთა რუსთაველის სახელმწიფო უნივერსიტეტის მთავარი ბიბლიოთეკა წიგნსაცავი 2019-12-03   94(410.1) ბ-45 6987 2019-12-03 6987 2019-12-03 წიგნი  
          ბათუმის შოთა რუსთაველის სახელმწიფო უნივერსიტეტის მთავარი ბიბლიოთეკა ბათუმის შოთა რუსთაველის სახელმწიფო უნივერსიტეტის მთავარი ბიბლიოთეკა წიგნსაცავი 2019-12-03 7.00 94(410.1) ბ-45 28285 2019-12-03 28285 2019-12-03 წიგნი 7 ლ.